| 000 | 01456nas a2200349 c 4500 | ||
|---|---|---|---|
| 001 | 296044 | ||
| 003 | BLK | ||
| 005 | 20240730094539.0 | ||
| 008 | 180413b bul rap|r|||| |0| c1bulo| | ||
| 010 | _aPRD00007006001 | ||
| 022 | _a0324-0746 | ||
| 040 | _aBLK | ||
| 041 |
_aBUL _cBUL |
||
| 080 |
_aОрганизация на културно-просветна работа в отделните страни. Народни читалища. Художествена самодейност _b374.28 _x(497.2) _z374.28(497.2) |
||
| 110 | 1 |
_aФонд. Читалище - 1870 _eРед. кол.: Петър Динчев - глав. ред. и др. _9388605 |
|
| 245 | 1 | 0 |
_aЧИТАЛИЩЕ _bСписание за ч-щата в България и чужбина _cФонд. Читалище - 1870 ; Ред. кол.: Петър Динчев - глав. ред. и др. _f1870, № 1, _nот тяло:101 до тяло:134 |
| 257 | _aBGR | ||
| 260 |
_bФонд. Читалище - 1870 _c1911 _fИПК Родина _aСофия |
||
| 300 | _c29 см | ||
| 380 | _a3 | ||
| 500 | _aзабележка:Основ. в 1870 г. | ||
| 852 | _aА 906 | ||
| 856 |
_qpdf _u |
||
| 856 |
_qpdf _u |
||
| 942 |
_cJOU _n0 _s1 _01 |
||
| 944 |
_aCR _cВася_Ганчева _k30535 _lХристина Везирева |
||
| 944 |
_aED _cПенка_Димитрова _k02.04.2018 |
||
| 999 |
_c296044 _d296044 |
||
| 999 | _d296044 | ||
| 999 | _d296044 | ||
| 999 | _d296044 | ||
| 999 | _d296044 | ||